ARRUPE JESUIT UNIVERSITY

CORONAVIRUS -STOP THE SPREAD - CLEAN,DISINFECT,COVER

Chioniso and other stories (Record no. 122163)

MARC details
000 -LEADER
fixed length control field 00384nam a22001337a 4500
008 - FIXED-LENGTH DATA ELEMENTS--GENERAL INFORMATION
fixed length control field 150220b xxu||||| |||| 00| 0 eng d
020 ## - INTERNATIONAL STANDARD BOOK NUMBER
International Standard Book Number 9781779221704
050 ## - LIBRARY OF CONGRESS CALL NUMBER
Classification number PR9390.9.C4 C45
100 ## - MAIN ENTRY--PERSONAL NAME
Personal name Chinodya, Shimmer
9 (RLIN) 15459
245 ## - TITLE STATEMENT
Title Chioniso and other stories
Statement of responsibility, etc Shimmer Chinodya
260 ## - PUBLICATION, DISTRIBUTION, ETC. (IMPRINT)
Place of publication, distribution, etc Harare
Name of publisher, distributor, etc Weaver Press
Date of publication, distribution, etc 2012
300 ## - PHYSICAL DESCRIPTION
Extent vii, 182p.
Dimensions 21cm
942 ## - ADDED ENTRY ELEMENTS (KOHA)
Source of classification or shelving scheme Library of Congress Classification
Item type Monograph ( Printed materials)
Holdings
Withdrawn status Lost status Source of classification or shelving scheme Damaged status Not for loan Collection code Home library Current library Shelving location Date acquired Total Checkouts Full call number Barcode Date last seen Date last borrowed Price effective from Koha item type
    Library of Congress Classification     Main Collection ARRUPE LIBRARY ARRUPE LIBRARY Main Collection 20/02/2015 3 PR9390.9.C4 C45 46500002873 22/10/2018 03/10/2018 20/02/2015 Monograph ( Printed materials)

 

Arrupe Library. PO Box MP320 Mt Pleasant, Harare, Zimbabwe
263 242 745411|librarian@aju.ac.zw